000 00678nam a2200205Ii 4500
003 JO-AjNU
008 230605s9999||||xx |||||||||||||| ||und||
040 _aJO-AjNU
_bara
_erda
_cJO-AjNU
041 _aara
050 1 4 _aBP129.18.B3952 2005
100 3 _aتاليف البيطار، خالد,
_eauthor
_910194
245 0 0 _aأبحاث في علوم القرآن وتفسير جزء قد سمع
250 _aط1
264 3 1 _aعمان: دار عمار، 2005
300 _a294ص
336 _atext
_btxt
_2rdacontent
337 _aunmediated
_bn
_2rdamedia
338 _avolume
_bnc
_2rdacarrier
650 4 _aجزء قد سمع - تفسير - القران الكريم
_910195
999 _aA1683
_c5251
_d5251